| 000 | 00406nam a2200181Ia 4500 | ||
|---|---|---|---|
| 001 | 3764 | ||
| 005 | 20260306145707.0 | ||
| 008 | 260306t1985||||xx |||||||||||||| ||spa|| | ||
| 041 | _aESP | ||
| 082 |
_a303.3 _bB86 |
||
| 100 |
_aBuchheim, Hans _eAUT |
||
| 245 | 0 | _aPolítica y poder | |
| 260 | _c1985 | ||
| 300 |
_a220 páginas : _c19 cm. |
||
| 650 | _aGEN | ||
| 654 | _aCHU | ||
| 942 |
_cLIB _dJUS _fJUS _2ddc _n |
||
| 999 |
_c3764 _d3764 |
||